LEADER 01210nam a2200277 4500 001 000000356087 003 CaOOAMICUS 005 20231128104842.0 008 231113s2015 it 000 u ita r 020 $a978-88-6409-413-7 040 $aSeMil$bita 100 1 $aJaki, Stanislas,$c.$0(OLS)http://semarc/name/19734 240 10$aBible and science.$0(OLS)http://semarc/title/446318 245 10$aBibbia e scienza :$ball'origine di un rapporto inscindibile /$cStanley L. Jaki. 264 1$aVerona :$bFede & cultura,$c2015. 300 $a253 p. ;$c21 cm 490 1 $aSaggistica ;$v76 650 4$aScienza e fede.$0(OLS)http://semarc/subject/1693 650 4$aBibbia e scienza.$0(OLS)http://semarc/subject/4868 830 0$aSaggistica ;$v76.$0(OLS)http://semarc/title/419677 850 $aSeMil 852 $aSeMil$W1$xVenegono$y1$m3X II 272$j244780$B247397$CSeMilBibl$Z2$F247397 $81 996 $6020$a978-88-6409-413-7$9(OLS)http://semarc/number/299271 996 $6245$aBibbia e scienza :$ball'origine di un rapporto inscindibile$9(OLS)http://semarc/title/446319 996 $6264$aVerona :$bFede & cultura$9(OLS)http://semarc/publisher/34752 LEADER 01464nam a2200241 4500 001 000000356286 003 CaOOAMICUS 005 20231130135633.0 008 231130s1828 gw a 000 u fre r 026 $es.es t;rd ete. pe*) (3) 1828 (R)$a *=asterisco 040 $aSeMil$bita 100 11$aWiebeking, Karl Friedrich : von,$d<1762-1842>.$0(OLS)http://semarc/name/118745 245 10$aTome troisième. 264 1$aA Munich :$bDe l'imprimerie de M. Lindauer, imprimeur du roi,$c1828. 300 $a[8], 283, [1] p., [17] carte di tav. di cui 10 doppie :$bill. calcogr., antip. ;$c4° 500 $aSegn.: ?² 2?² 1-35? 36² 500 $aPrecede l'antiporta bifoglio contenente: Prospectus, Notices sur les différentes production littéraires et topographiques de l'auteur 773 0 $aWiebeking, Karl Friedrich : von <1762-1842>$tArchitecture civile théorique et pratique enrichie de l'histoire descriptive des édifices anciens et modernes les plus remarquables et de leurs dessins exactes. Par le chevalier C. F. de Wiebeking, ...$dA Munich : De l'imprimerie de M. Lindauer, imprimeur du roi, 1827-1831.$g3$w()356283 850 $aSeMil 852 $aSeMil$W1$xVenegono$y1$m3XD VI 27 FA$j244859$B247458$CSeMilBibl$Z2$F247458 $8I 996 $6245$aTome troisième$9(OLS)http://semarc/title/14441 996 $6264$aA Munich :$bDe l'imprimerie de M. Lindauer, imprimeur du roi$9(OLS)http://semarc/publisher/61403